书目信息 |
| 题名: |
通稿2003
|
|
| 作者: | 韩寒 著 | |
| 分册: | ||
| 出版信息: | 北京 作家出版社 2003.09 |
|
| 页数: | 156页 | |
| 开本: | 15cm | |
| 丛书名: | ||
| 单 册: | ||
| 中图分类: | I267.1 | |
| 科图分类: | ||
| 主题词: | 散文--中国 , 散文--作品综合集--中国 | |
| 电子资源: | ||
| ISBN: | 7-5063-2746-5 | |
| 000 | 00549nam0 2200205 45 | |
| 001 | 0438736022 | |
| 005 | 20080402145320.26 | |
| 010 | @a7-5063-2746-5@dCNY 9.00 | |
| 100 | @a20040322d2003 km y0chiy0120 ea | |
| 101 | 0 | @achi |
| 102 | @aCN@b110000 | |
| 200 | 1 | @a通稿2003@ATong Gao 2003@f韩寒著@FHan Han Zhu |
| 210 | @a北京@c作家出版社@d2003.09 | |
| 215 | @a156页@d15cm | |
| 606 | 0 | @a散文@x中国 |
| 606 | 0 | @a散文@x作品综合集@x中国 |
| 690 | @aI267.1@v3 | |
| 701 | 0 | @a韩寒@AHan Han@4著 |
| 801 | 0 | @aCN@bPFT@c20080402 |
| 905 | @a安徽大学@dI267.1@eH085 | |
| 通稿2003/韩寒著.-北京:作家出版社,2003.09 |
| 156页;15cm |
| ISBN 7-5063-2746-5:CNY 9.00 |
| ● |
| 相关链接 |
|
|
|
正题名:通稿2003
索取号:I267.1/H085
 
预约/预借
| 序号 | 登录号 | 条形码 | 馆藏地/架位号 | 状态 | 备注 |
| 1 | 375047 | 203750477 | 文学库116/ [索取号:I267.1/H085] | 在馆 | |
| 2 | 375048 | 203750486 | 文学库116/ [索取号:I267.1/H085] | 在馆 | |
| 3 | 375049 | 203750495 | 文学库116/ [索取号:I267.1/H085] | 在馆 | |
| 4 | 375050 | 203750501 | 社科二线422/422社科库 27排3列2层/ [索取号:I267.1/H085] | 在馆 | |
| 5 | 375051 | 203750510 | 文学库116/ [索取号:I267.1/H085] | 在馆 |